Online katalóg knižníc regiónu Turca

V pavilóne šeliem (Record no. 22774)

MARC details
000 -LEADER
fixed length control field 02201nam a2200709 a 4500
001 - CONTROL NUMBER
control field 22774
003 - CONTROL NUMBER IDENTIFIER
control field SK-KTurca
005 - DATE AND TIME OF LATEST TRANSACTION
control field 20260423130523.0
008 - FIXED-LENGTH DATA ELEMENTS--GENERAL INFORMATION
fixed length control field 140306s2013 xo oa g 000 udslo d
020 ## - INTERNATIONAL STANDARD BOOK NUMBER
International Standard Book Number 9788022206235 (viaz.)
035 ## - SYSTEM CONTROL NUMBER
System control number a000499092
040 ## - CATALOGING SOURCE
Original cataloging agency TTKJF
Language of cataloging slo
Transcribing agency UKB
Description conventions AACR2
041 1# - LANGUAGE CODE
Language code of text/sound track or separate title slo
Language code of original eng
044 ## - COUNTRY OF PUBLISHING/PRODUCING ENTITY CODE
MARC country code xo
ISO country code SK
072 #7 - SUBJECT CATEGORY CODE
Subject category code 32
Subject category code subdivision Politika
Source konspekt
072 #7 - SUBJECT CATEGORY CODE
Subject category code 929
Subject category code subdivision Biografie
Source konspekt
080 ## - UNIVERSAL DECIMAL CLASSIFICATION NUMBER
Universal Decimal Classification number 341.71
Edition identifier 2001
080 ## - UNIVERSAL DECIMAL CLASSIFICATION NUMBER
Universal Decimal Classification number 930-051
Edition identifier 2001
080 ## - UNIVERSAL DECIMAL CLASSIFICATION NUMBER
Universal Decimal Classification number 821.111(73)-055.2
Edition identifier 2001
080 ## - UNIVERSAL DECIMAL CLASSIFICATION NUMBER
Universal Decimal Classification number 929
Edition identifier 2001
080 ## - UNIVERSAL DECIMAL CLASSIFICATION NUMBER
Universal Decimal Classification number 329.17
Edition identifier 2001
080 ## - UNIVERSAL DECIMAL CLASSIFICATION NUMBER
Universal Decimal Classification number 316.72/.75
Edition identifier 2001
080 ## - UNIVERSAL DECIMAL CLASSIFICATION NUMBER
Universal Decimal Classification number 341.76
Edition identifier 2001
080 ## - UNIVERSAL DECIMAL CLASSIFICATION NUMBER
Universal Decimal Classification number (73)
Edition identifier 2001
080 ## - UNIVERSAL DECIMAL CLASSIFICATION NUMBER
Universal Decimal Classification number (430)
Edition identifier 2001
080 ## - UNIVERSAL DECIMAL CLASSIFICATION NUMBER
Universal Decimal Classification number (0:82-96)
Edition identifier 2001
080 ## - UNIVERSAL DECIMAL CLASSIFICATION NUMBER
Universal Decimal Classification number (092)
Edition identifier 2001
100 1# - MAIN ENTRY--PERSONAL NAME
Personal name Larson, Erik,
Dates associated with a name 1954-
240 10 - UNIFORM TITLE
Uniform title In the garden of beatst.
Language of a work Slovensky
245 10 - TITLE STATEMENT
Title V pavilóne šeliem
Statement of responsibility, etc. Erik Larson ; [z anglického originálu preložila Lucia Halová]
250 ## - EDITION STATEMENT
Edition statement 1. vyd.
260 ## - PUBLICATION, DISTRIBUTION, ETC.
Place of publication, distribution, etc. Bratislava
Name of publisher, distributor, etc. Tatran
Date of publication, distribution, etc. 2013
300 ## - PHYSICAL DESCRIPTION
Extent 339 s.
490 1# - SERIES STATEMENT
Series statement LUK : knižnica svetových bestsellerov
Volume/sequential designation zv. 98
530 ## - ADDITIONAL PHYSICAL FORM AVAILABLE NOTE
Additional physical form available note Dostupný aj zvukový záznam
600 17 - SUBJECT ADDED ENTRY--PERSONAL NAME
Personal name Dodd, William Edward,
Dates associated with a name 1869-1940
Source of heading or term UKBPH
600 17 - SUBJECT ADDED ENTRY--PERSONAL NAME
Personal name Dodd, Martha,
Dates associated with a name 1908-1990
Source of heading or term UKBPH
650 07 - SUBJECT ADDED ENTRY--TOPICAL TERM
Topical term or geographic name entry element diplomati
Geographic subdivision Spojené štáty americké
Chronological subdivision 20. stor.
Source of heading or term UKBPH
650 07 - SUBJECT ADDED ENTRY--TOPICAL TERM
Topical term or geographic name entry element americké spisovateľky
Chronological subdivision 20. stor.
Source of heading or term UKBPH
650 07 - SUBJECT ADDED ENTRY--TOPICAL TERM
Topical term or geographic name entry element nacizmus
Geographic subdivision Nemecko
Chronological subdivision 1933-1945
Source of heading or term UKBPH
650 07 - SUBJECT ADDED ENTRY--TOPICAL TERM
Topical term or geographic name entry element historici
Chronological subdivision 19.-20. stor.
Source of heading or term UKBPH
651 #7 - SUBJECT ADDED ENTRY--GEOGRAPHIC NAME
Geographic name Nemecko
General subdivision spoločenské pomery
Chronological subdivision 1933-1945
Source of heading or term UKBPH
651 #7 - SUBJECT ADDED ENTRY--GEOGRAPHIC NAME
Geographic name Nemecko
General subdivision diplomatické vzťahy
Chronological subdivision 1933-1945
Source of heading or term UKBPH
651 #7 - SUBJECT ADDED ENTRY--GEOGRAPHIC NAME
Geographic name Spojené štáty americké
General subdivision diplomatické vzťahy
Chronological subdivision 1933-1945
Source of heading or term UKBPH
653 ## - INDEX TERM--UNCONTROLLED
Uncontrolled term 341.71
653 ## - INDEX TERM--UNCONTROLLED
Uncontrolled term 930-051
653 ## - INDEX TERM--UNCONTROLLED
Uncontrolled term 821.111(73)-055.2
653 ## - INDEX TERM--UNCONTROLLED
Uncontrolled term 929
653 ## - INDEX TERM--UNCONTROLLED
Uncontrolled term 329.17
653 ## - INDEX TERM--UNCONTROLLED
Uncontrolled term 316.72/.75
653 ## - INDEX TERM--UNCONTROLLED
Uncontrolled term 341.76
653 ## - INDEX TERM--UNCONTROLLED
Uncontrolled term (73)
653 ## - INDEX TERM--UNCONTROLLED
Uncontrolled term (430)
653 ## - INDEX TERM--UNCONTROLLED
Uncontrolled term (0:82-96)
653 ## - INDEX TERM--UNCONTROLLED
Uncontrolled term (092)
655 #7 - INDEX TERM--GENRE/FORM
Genre/form data or focus term literatúra faktu
Source of term UKBPH
655 #7 - INDEX TERM--GENRE/FORM
Genre/form data or focus term biografie
Source of term UKBPH
700 1# - ADDED ENTRY--PERSONAL NAME
Personal name Halová, Lucia,
Dates associated with a name 1979-
Relationship trl
776 0# - ADDITIONAL PHYSICAL FORM ENTRY
Title V pavilóne šeliem
Relationship information [zvukový záznam]
830 #0 - SERIES ADDED ENTRY--UNIFORM TITLE
Uniform title LUK - Knižnica svetových bestsellerov
942 ## - ADDED ENTRY ELEMENTS (KOHA)
Source of classification or shelving scheme Dewey Decimal Classification
Koha item type Krásna literatúra pre dospelých
Suppress in OPAC No
Holdings
Stav vyradenia Strata Poškodenie Spôsob nadobudnutia Domovská knižnica Aktuálna knižnica Dátum nadobudnutia Total checkouts Čiarový kód exemplára Date last seen Typ exemplára
      Dar Obecná knižnica Belá-Dulice Obecná knižnica Belá-Dulice 23.04.2026   4735903407 23.04.2026 Krásna literatúra pre dospelých
Projekt je podporený Slovenskou asociáciou knižníc
Prevádzkuje Turčianska knižnica Martin 2026